Digital Signal Processing : A Practical Approach /

Shranjeno v:
Bibliografske podrobnosti
Glavni avtor: Ifeachor, Emmanuel C. (autor)
Drugi avtorji: Jervis, Barrie W. (autor) (autor)
Format: Knjiga
Jezik:angleščina
Izdano: Harlow, Inglaterra Prentice-Hall, 2002, c1993
Izdaja:2a edición
Teme:
Oznake: Označite
Brez oznak, prvi označite!

MARC

LEADER 00000nam^a2200000^a^4500
001 000157812
005 20250521000000.0
009 20260310100552.842
020 |a 0-201-59619-9 
037 |a Acervo ITESO - Biblioteca 
041 |a ING 
082 |a 621. 3822  |b IFE 
100 |a Ifeachor, Emmanuel C.  |e (autor) 
245 1 0 |a Digital Signal Processing :  |b A Practical Approach /  |c E.C. Ifeachor, B.W. Jervis. 
250 |a 2a edición 
264 4 |a Harlow, Inglaterra  |b Prentice-Hall,  |c 2002, c1993 
300 |a 933 p. 
336 |a texto  |b txt  |2 rdacontenido 
337 |a sin mediación  |b n  |2 rdamedio 
338 |a volumen  |b nc  |2 rdasoporte 
649 |a XX 
650 |a Señales Digitales 
650 |a Procesamiento de Señales 
650 |a Señales y Transmisión de Señales 
650 |a Filtros Digitales 
650 |a Filtros Eléctricos 
650 |a Series de Fourier 
650 |a Transformaciones de Fourier 
650 |a Transformaciones (Matemáticas) 
650 |a Electrónica -  |x Matemáticas 
650 |a Telecomunicaciones 
650 |a Electrónica Digital 
650 |a Ingeniería Electrónica 
700 |a Jervis, Barrie W.  |e (autor) 
910 |a Fondo General 
920 |a Impresos - Libros 
930 |a Colección General 
905 |a 101 
901 |a 0500087446  |b IT1  |c ACC  |u 20250521 
902 |a https://opac.biblio.iteso.mx/vufind/Record/000157812